| 000 | 01048cam a2200289 i 4500 | ||
|---|---|---|---|
| 001 | 1423 | ||
| 005 | 20230824115612.0 | ||
| 008 | 801003s1981 nyua j 000 1 eng | ||
| 020 | _a0590461230 | ||
| 040 |
_aDLC _cDLC _dDLC _beng |
||
| 050 | 0 | 0 |
_aPZ7.A2615 _bCad 1981 |
| 082 | 0 | 0 |
_aFic _219 |
| 100 | 1 | _aAdler, David A. | |
| 245 | 1 | 0 |
_aCam Jansen and the mystery of the dinosaur bones / _cDavid A. Adler ; illustrated by Susanna Natti. |
| 250 | _aFirst Scholastci printing, October 1992 | ||
| 260 |
_aNew York : _c1981. |
||
| 300 |
_a56 pages : _billustrations ; _c20 cm |
||
| 490 | 1 | _aCam Jansen adventure | |
| 505 | _aK | ||
| 520 | _aWhen she notices some bones missing from a dinosaur skeleton exhibited in the museum, a young girl with a photographic memory tries to discover who has been taking them and why. | ||
| 521 |
_a610
_bLexile |
||
| 521 |
_aK
_bRaz-Plus |
||
| 650 | 1 | _aMystery and detective stories. | |
| 700 | 1 | _aNatti, Susanna. | |
| 906 |
_a7 _bcbc _corignew _d1 _eocip _f19 _gy-gencatlg |
||
| 942 |
_2ddc _cBK _n0 |
||
| 999 |
_c1423 _d1423 |
||